000 00697cam a2200265 i 4500
001 768714001
003 CO-MdFUSB
005 20240628172447.0
007 ta
008 240628t1925 -us||||| |||| 00| 0 eng d
040 _cCO-MdFUSB
041 0 _aeng
082 0 4 _224
_a234.8
_bS6131w
100 1 _aSimpson, A. B. (Albert B.)
_eautor
245 1 0 _aWholly Sactified
_c/ A. B. Simpson
264 1 _aHarrisburg, PA., USA :
_bChristian publications,
_c[1925]
264 4 _c©1925
300 _a136 Pag
336 _atexto
_btxt
_2rdacontent
337 _2rdamedia
_asin mediación
_bn
338 _2rdacarrier
_avolumen
_bnc
653 _aSantificación
942 _cBK
945 _aMiguel
999 _c34961
_d34961